Top 10 des chansons les plus écoutées de Jul sur Spotify - Statistiques

Statistiques générales
  • Ce quiz a été pris 53 fois
  • Le résultat moyen est 3 sur 10
Statistiques - réponses
Nombre de streams
Titre % Correct
162,6 millions de streams J'oublie tout
79%
310,4 millions de streams Bande organisée
52%
144,3 millions de streams Avant la douane
48%
217,5 millions de streams La bandite
40%
133,5 millions de streams JCVD
29%
140,3 millions de streams Toto et Ninetta
26%
282,4 millions de streams Moulaga
17%
135,1 millions de streams Dybala
10%
151,7 millions de streams La street
7%
212 millions de streams Se Grita
5%
Aucun quiz correspondant
Distribution des résultats
% des personnes avec chaque résultat
Percentile par nombre de réponses
Votre historique - résultats
Vous n’avez pas pris ce quiz